000 00739nam a2200241Ia 4500
003 OSt
005 20220927105746.0
006 a|||||r|||| 00| 0
007 ta
008 220926b |||||||| |||| 00| 0 eng d
020 _a9781632140159
024 _a203378
037 _cReference Collections
040 _aRTL
_cRTL
_beng
041 _2eng
_aeng
082 _a"Y15:3.1, Q5/UN"
100 _aUNITED NATIONS WOMAN
_9374779
245 0 _aProgress of the world 's woman 2015-16
_b" Transforming, Economies, Realizing rights"
260 _aNew
_b"york, United nations publocations "
_c2015
300 _a337
_ccm.
942 _h"Y15:3.1, Q5/UN"
_cCC
999 _c694439
_d694439